Bilecik Bilecik Bilecik Bilecik Bilecik

Hitit devletinin siyasi antlaşma metinleri: Boğazköy ve Ugarit çivi yazılarına göre / (Record no. 36955)

MARC details
000 -BAŞLIK
Sabit Uzunluktaki Kontrol Alanı 01228nam a22003737a 4500
001 - KONTROL NUMARASI
Control Dosyası 0037083
003 - KONTROL NUMARASI KİMLİĞİ
Kontrol Alanı KOHA_MİRAKIL
005 - EN SON İŞLEM TARİHİ ve ZAMANI
Kontrol Alanı 20260207003026.0
007 - FİZİKSEL TANIM SABİT ALAN - GENEL BİLGİ
Sabit uzunluklu kontrol alanı ta
008 - SABİT UZUNLUKTAKİ VERİ ÖGELERİ - GENEL BİLGİ
Sabit Alan 120430b2002 tu a|||gr||||#||||0|tur |
020 ## - ISBN - ULUSLARARASI STANDART KİTAP NUMARASI
Isbn 9758156500
040 ## - KATALOGLAMA KAYNAĞI
Özgün Kataloglama Kurumu TR-BiSEU
Kataloglama Dili tur
Çeviri Kurumu TR-BiSEU
Açıklama Kuralları rda
041 0# - DİL KODU
Metin ya da ses kaydının dil kodu tur
044 ## - YAYINLAYAN/ÜRETEN KURULUŞUN ÜLKE KODU
ISO country code tu
050 ## - SINIFLAMA ve YER NUMARASI
Sınıflama Numarası DS66
Yer Numarası .K37 2002
100 1# - KİŞİ ADI
Yazar Adı (Kişi adı) Karauğuz, Güngör.
245 1# - ESER ADI BİLDİRİMİ
Başlık Hitit devletinin siyasi antlaşma metinleri: Boğazköy ve Ugarit çivi yazılarına göre /
Sorumluluk Bildirimi Güngör Karauğuz ; Güngör Karauğuz.
264 #1 - ÜRERİM, YAYIN, DAĞITIM ve TELİF BİLDİRİMİ
Yayın yeri Konya :
Yayınlayan Çizgi Kitabevi
Yayın tarihi 2002
300 ## - FİZİKSEL TANIMLAMA
Sayfa, Cilt vb. 275 sayfa :
Diğer fiziki detaylar hrt.
336 ## - İÇERİK TÜRÜ
Content type term metin
Content type code txt
Source rdacontent
337 ## - MEDYA TÜRÜ
Media type term aracısız
Media type code n
Source rdamedia
338 ## - TAŞIYICI TÜRÜ
Carrier type term cilt
Carrier type code nc
Source rdacarrier
490 1# - DİZİ BİLDİRİMİ
Dizi Bildirimi Çizgi Kitabevi yayınları ;
Cilt Numarası 48.
490 1# - DİZİ BİLDİRİMİ
Dizi Bildirimi Tarih ;
Cilt Numarası 10.
650 #0 - KONU BAŞLIĞI EK GİRİŞ - KONU TERİMİ
Konusal terim veya coğrafi ad Hititler--Antlaşmalar.
9 (RLIN) 70050
650 #0 - KONU BAŞLIĞI EK GİRİŞ - KONU TERİMİ
Konusal terim veya coğrafi ad Hittites--Treaties.
9 (RLIN) 70051
650 #0 - KONU BAŞLIĞI EK GİRİŞ - KONU TERİMİ
Konusal terim veya coğrafi ad Hititler--Tarih--Belgeler.
9 (RLIN) 70052
650 #0 - KONU BAŞLIĞI EK GİRİŞ - KONU TERİMİ
Konusal terim veya coğrafi ad Hittites--History--Sources.
9 (RLIN) 70053
650 #0 - KONU BAŞLIĞI EK GİRİŞ - KONU TERİMİ
Konusal terim veya coğrafi ad Yazıtlar, Hitit--Türkiye.
9 (RLIN) 70054
650 #0 - KONU BAŞLIĞI EK GİRİŞ - KONU TERİMİ
Konusal terim veya coğrafi ad Inscriptions, Hittite--Turkey.
9 (RLIN) 70055
830 1# - SERİ EK GİRİŞİ - TEKBİÇİM ESER ADI
Tekbiçim Başlık Çizgi Kitabevi yayınları ;
Volume number/sequential designation 48.
9 (RLIN) 8011
830 1# - SERİ EK GİRİŞİ - TEKBİÇİM ESER ADI
Tekbiçim Başlık Tarih ;
Volume number/sequential designation 10.
9 (RLIN) 10477
942 ## - EK GİRİŞ ÖGELERİ (KOHA)
Source of classification or shelving scheme Library of Congress Classification
Koha item type Book
Holdings
Materyal Türü Kalıcı Konum Mevcut Konum Raf Yeri Sınıflandırma Kaynağı Edinim Bilgisi Ana Konular Alt Konular Yer Numarası Demirbaş Numarası Fatura Tarihi Maliyet, Alış Fiyatı Maliyet, Yenileme Fiyatı Geri Çekilme Durumu Kayıp Durumu Hasarlı Durumu Kredi için değil Kayıt Tarih Toplam Ödünçverme Son Görülme Tarihi Son Kontrol Tarihi
Book Prof. Dr. Azmi Özcan Kütüphanesi Prof. Dr. Azmi Özcan Kütüphanesi Uluğbey Salonu Library of Congress Classification Satın DÜNYA TARİHİ (AVRUPA, ASYA, AFRİKA VB.) Asya DS66 .K37 2002 0037083 23/07/2012 11.04 11.04         30/04/2012 10 05/12/2024 05/12/2024